000 01371nam a2200349 a 4500
001 000108078
003 CHAP
005 20240513132603.0
008 131203s2002 ck a |r| |||1|||spa d
010 _a104540
011 _a105512
020 _a978-958-9321-33-1 (obra completa)
020 _a978-958-9321-35-5 (v.2)
020 _a9789589321348 (v.1)
040 _cCHAP
082 0 4 _a630
_bM29
245 0 0 _aManual agropecuario :
_btecnologías orgánicas de la granja integral autosuficiente /
_ceditado por Jaime Alonso Quiceno Guzmán.
260 _aBogotá :
_bHogares Juveniles Campesinos,
_cc2002.
300 _a2 v. :
_bil., diags., tablas.
_e+ 1 DVD.
490 1 _aBiblioteca del campo
500 _aEl DVD del Volumen 1 contiene : Manual Agro ; Pastos - clima cálido y medio. ; Cultivo de tomate. ; Fundamentos de agricultura. ; Construyendo la granja. El DVD del Volumen 2 : Conejos -manejo. ; Cerdos - gestación y parto. ; Bovinos de leche -nutrición. ; Gallinas ponedoras - manejo.
590 _aE11695DGD
_b10
_c20131203
590 _aE6096MTM
_b05
_c20131203
650 1 4 _aAgricultura
_91172
650 1 4 _aConstrucciones rurales.
_927378
650 1 4 _aGanadería.
_944604
700 1 _aQuiceno Guzmán, Jaime Alonso
_eed.
_9124883
830 0 _aBiblioteca del campo
_9124884
901 _aBK
942 _cLIBRO
_2ddc
942 _n0
_2ddc
999 _c104540
_d104540